| 000 | 01649cam a2200361 a 4500 | ||
|---|---|---|---|
| 001 | EDZ0000063529 | ||
| 003 | StDuBDS | ||
| 005 | 20161031105105.0 | ||
| 006 | m||||||||d|||||||| | ||
| 007 | cr ||||||||||| | ||
| 008 | 120315s2011 cau fo| 001|0|eng d | ||
| 020 |
_a9781452230368 (ebook) : _cNo price |
||
| 040 |
_aStDuBDS _beng _cStDuBDS _epn |
||
| 049 | _aAlfaisal Main Library | ||
| 050 | 0 |
_aH62 _b.P313 2011 |
|
| 082 | 0 | 4 |
_a001.42 _223 |
| 100 | 1 |
_aPascale, Celine-Marie, _d1956- |
|
| 245 | 1 | 0 |
_aCartographies of knowledge _h[electronic resource] : _bexploring qualitative epistemologies / _cCeline-Marie Pascale. |
| 260 |
_aThousand Oaks, Calif. ; _aLondon : _bSAGE, _cc2011. |
||
| 300 | _a1 online resource (xvii, 195 p.) | ||
| 520 | 8 | _aThe author critiques methodology in relationships to specific methods and argues that despite good intentions, most of this research is still tethered to the Cartesian paradigm. The book also offers a thorough consideration of the ontological and epistemological foundations that give rise to particular conceptions of agency. | |
| 521 | _aSpecialized. | ||
| 588 | _aDescription based on print version record. | ||
| 504 | _aIncludes bibliographical references and index. | ||
| 650 | 0 |
_aSocial sciences _xResearch. |
|
| 650 | 0 | _aQualitative research. | |
| 655 | 7 |
_aElectronic books. _2local |
|
| 710 | 2 | _aSage eBooks | |
| 776 | 0 | 8 |
_iPrint version : _z9781412954969 |
| 856 | 4 | 0 |
_3SAGE research methods _uhttp://methods.sagepub.com/book/cartographies-of-knowledge |
| 856 | 4 | 0 | _uhttp://ezproxy.alfaisal.edu/login?url=http://sk.sagepub.com/books/cartographies-of-knowledge |
| 942 |
_2lcc _cEBOOKS |
||
| 999 |
_c479145 _d479145 |
||